<?xml version="1.0" encoding="UTF-8"?>
<record
    xmlns:xsi="http://www.w3.org/2001/XMLSchema-instance"
    xsi:schemaLocation="http://www.loc.gov/MARC21/slim http://www.loc.gov/standards/marcxml/schema/MARC21slim.xsd"
    xmlns="http://www.loc.gov/MARC21/slim">

  <leader>00431nam a2200169Ia 4500</leader>
  <controlfield tag="005">20260403115633.0</controlfield>
  <controlfield tag="008">231207s9999    xx            000 0 und d</controlfield>
  <datafield tag="020" ind1=" " ind2=" ">
    <subfield code="a">9788130703992</subfield>
  </datafield>
  <datafield tag="040" ind1=" " ind2=" ">
    <subfield code="c">PK-LaNCA</subfield>
  </datafield>
  <datafield tag="082" ind1=" " ind2=" ">
    <subfield code="a">001.303</subfield>
    <subfield code="b">ENC</subfield>
  </datafield>
  <datafield tag="245" ind1=" " ind2="0">
    <subfield code="a">encyclopedia of humanities</subfield>
  </datafield>
  <datafield tag="260" ind1=" " ind2=" ">
    <subfield code="b">Cosmo Publications</subfield>
    <subfield code="a">New Delhi</subfield>
    <subfield code="c">2006</subfield>
  </datafield>
  <datafield tag="300" ind1=" " ind2=" ">
    <subfield code="a">Two Vel Set</subfield>
  </datafield>
  <datafield tag="546" ind1=" " ind2=" ">
    <subfield code="a">English</subfield>
  </datafield>
  <datafield tag="650" ind1=" " ind2=" ">
    <subfield code="a">Humanities--Encyclopedias. </subfield>
  </datafield>
  <datafield tag="942" ind1=" " ind2=" ">
    <subfield code="c">BK</subfield>
  </datafield>
  <datafield tag="952" ind1=" " ind2=" ">
    <subfield code="0">0</subfield>
    <subfield code="1">0</subfield>
    <subfield code="4">0</subfield>
    <subfield code="6">001_303000000000000_ENC_32822</subfield>
    <subfield code="7">0</subfield>
    <subfield code="9">28353</subfield>
    <subfield code="a">NCA</subfield>
    <subfield code="b">NCA</subfield>
    <subfield code="c">General Section </subfield>
    <subfield code="d">2023-12-08</subfield>
    <subfield code="l">0</subfield>
    <subfield code="o">001.303 ENC 32822</subfield>
    <subfield code="p">32822</subfield>
    <subfield code="r">2023-12-08 00:00:00</subfield>
    <subfield code="w">2023-12-08</subfield>
    <subfield code="y">BK</subfield>
  </datafield>
  <datafield tag="952" ind1=" " ind2=" ">
    <subfield code="0">0</subfield>
    <subfield code="1">0</subfield>
    <subfield code="4">0</subfield>
    <subfield code="6">001_303000000000000_ENC_32823</subfield>
    <subfield code="7">0</subfield>
    <subfield code="9">68872</subfield>
    <subfield code="a">NCA</subfield>
    <subfield code="b">NCA</subfield>
    <subfield code="c">Library Basement </subfield>
    <subfield code="d">2026-04-03</subfield>
    <subfield code="l">0</subfield>
    <subfield code="o">001.303 ENC 32823</subfield>
    <subfield code="p">32823</subfield>
    <subfield code="r">2026-04-03 11:57:22</subfield>
    <subfield code="w">2026-04-03</subfield>
    <subfield code="y">BK</subfield>
  </datafield>
  <datafield tag="999" ind1=" " ind2=" ">
    <subfield code="c">28353</subfield>
    <subfield code="d">28353</subfield>
  </datafield>
</record>
